• 首页
  • 本馆介绍
  • 公告通知
  • 最新文献
  • 馆藏检索
  • 电子资源
  • 读者导购
  • 参考咨询
  • 我的图书馆
  • 登录
  • 详细信息显示
  • 放入我的书架
  • 预约/预借图书
  • 作者相关作品
  • 分类相关作品
  • 丛书相关作品
  • 出版社相关作品

书目信息

  • 表格格式
  • 工作单格式
  • 卡片格式
题名:
农药立体化学
    
 
作者: 王鸣华 , 宋宝安 编著
分册:  
出版信息: 北京   化学工业出版社  2016.03
页数: 359页
开本: 24cm
丛书名:
单 册:
中图分类: TQ450.1
科图分类:
主题词: 农药--应用化学
电子资源:
ISBN: 978-7-122-26220-2
000 01142nam0 2200253 450
001 387
005 20180922100332.45
010    @a978-7-122-26220-2@dCNY88.00
100    @a20160705d2016 em y0chiy50 ea
101 0  @achi
102    @aCN@b110000
105    @ay z 001yy
200 1  @a农药立体化学@9nong yao li ti hua xue@dPesticide stereochemistry@zeng@f王鸣华,宋宝安等编著
210    @a北京@c化学工业出版社@d2016.03
215    @a359页@d24cm
300    @a国家科学技术学术著作出版基金资助出版
330    @a本书在简述立体化学基础知识的基础上,系统介绍了光学异构体制备与分析方法,农药手性与生物活性和毒性相关性,手性农药的环境行为,以及有机磷、拟除虫菊酯、三唑类、芳氧苯氧丙酸酯类等手性农药的立体化学。在强调实用性的同时,本书全面反映了手性农药的化学、生物学、环境行为等方面的知识与新进展,特别是农药合成中的立体选择性反应、特异性手性催化剂及化学拆分的新方法等,涉及各类手性农药的新品种。
510 1  @aPesticide stereochemistry@zeng
606 0  @a农药@x应用化学
690    @aTQ450.1@v5
701  0 @a王鸣华@9wang ming hua@4编著
701  0 @a宋宝安@9song bao an@4编著
801  0 @aCN@b91MARC@c20160804
905    @aMuseLib@dTQ450.1@e86
    
    农药立体化学=Pesticide stereochemistry/王鸣华,宋宝安等编著.-北京:化学工业出版社,2016.03
    359页;24cm
    国家科学技术学术著作出版基金资助出版
    
    ISBN 978-7-122-26220-2:CNY88.00
    本书在简述立体化学基础知识的基础上,系统介绍了光学异构体制备与分析方法,农药手性与生物活性和毒性相关性,手性农药的环境行为,以及有机磷、拟除虫菊酯、三唑类、芳氧苯氧丙酸酯类等手性农药的立体化学。在强调实用性的同时,本书全面反映了手性农药的化学、生物学、环境行为等方面的知识与新进展,特别是农药合成中的立体选择性反应、特异性手性催化剂及化学拆分的新方法等,涉及各类手性农药的新品种。
●
相关链接 在E读中查询图书 在五车中查询图书 在当当中查询图书 在豆瓣中查询图书


正题名:农药立体化学     索取号:TQ450.1/86         预约/预借

序号 登录号 条形码 馆藏地/架位号 状态 备注
1 1119644   211196445   第二样本阅览室/ [索取号:TQ450.1/86] 在馆    
2 1119645   211196454   第三借阅区/ [索取号:TQ450.1/86] 在馆    
3 1119646   211196463   化学系资料室/ [索取号:TQ450.1/86] 在馆    
4 1119647   211196472   第三借阅区/ [索取号:TQ450.1/86] 在馆    
5 1119648   211196481   第三借阅区/ [索取号:TQ450.1/86] 在馆    
唐山师范学院图书馆 欢迎您!
大连网信软件有限公司© 版权所有